Tutti gli Stati che hanno controllato Berlino - Statistics

Statistiche generali
  • Questo quiz è stato fatto 48 volte
    42 dall'ultimo reset
  • Il punteggio medio è 18 su 22
Statistiche sulle risposte
con Immagini Hint Risposta % Corretto
1990 - Oggi Repubblica Federale Tedesca
97%
1949 - 1990 Repubblica Federale Tedesca (Germania Ovest)
94%
1227 - 1760 / 1760 - 1806 Sacro Romano Impero
94%
1949 - 1990 Repubblica Democratica Tedesca (Germania Est)
91%
1933 - 1945 Terzo Reich
91%
1806 - 1808 Primo Impero Francese
88%
1945 Unione Sovietica
88%
1812 - 1867 Regno di Prussia
85%
1918 - 1933 Repubblica di Weimar
85%
1945 - 1949 Occupazione Alleata (Unione Sovietica, UK, USA, Francia)
82%
1812 Primo Impero Francese
82%
(1701 - 1760) Regno di Prussia
82%
(1760 - 1806) Regno di Prussia
82%
1808 - 1812 Regno di Prussia
82%
1871 - 1918 Impero Tedesco
79%
1760 Occupazione Congiunta da parte dell'Impero Russo e dell'Impero Austriaco
79%
(1618 - 1701) Regno di Brandeburgo - Prussia
76%
(1250 - 1373) Marca/Magraviato Elettore del Brandeburgo
74%
(1415 - 1618) Marca/Magraviato Elettore del Brandeburgo
71%
1815 - 1848 Confederazione Germanica
53%
(1373 - 1415) Regno di Boemia
50%
1867 - 1871 Confederazione Tedesca del Nord
44%
Nessun quiz corrispondente trovato
Distribuzione punteggi
Percentuale di utenti per punteggio
Percentile per numero di risposta
I tuoi punteggi nel tempo
Non hai fatto questo quiz dall'ultimo reset